| 000 | 00440nam a2200145Ia 4500 | ||
|---|---|---|---|
| 008 | 190723s9999 xx 000 0 und d | ||
| 020 | _a9780681046078 | ||
| 100 | _aTaylor, Barbara | ||
| 245 |
_cBarbara Taylor; Mark O'Shea _aThe Great big book of snakes and reptiles/ |
||
| 260 |
_aLondon: _bAnness Publishing Ltd. _c2006 |
||
| 300 |
_a254 p. : _bcol. ill. ; _c300 cm. |
||
| 500 | _aIncludes index | ||
| 650 | _areptiles | ||
| 650 | _aSnakes | ||
| 999 |
_c362006 _d362006 |
||